Development of constant current power system for HHO cell operations to reduce fuel consumption (Record no. 233786)

MARC details
000 -LEADER
fixed length control field 00715nam a2200145Ia 4500
008 - FIXED-LENGTH DATA ELEMENTS--GENERAL INFORMATION
fixed length control field 231221s9999 xx 000 0 und d
041 ## - LANGUAGE CODE
Language code of text/sound track or separate title English
082 ## - DEWEY DECIMAL CLASSIFICATION NUMBER
Classification number CPEE16-1234
100 ## - MAIN ENTRY--PERSONAL NAME
Personal name Pavan Kumar, K A. Nikhil S Arora. Mahesh, M.
245 #0 - TITLE STATEMENT
Title Development of constant current power system for HHO cell operations to reduce fuel consumption
260 ## - PUBLICATION, DISTRIBUTION, ETC.
Date of publication, distribution, etc. 2016
500 ## - GENERAL NOTE
General note Development of constant current power system for HHO cell operations to reduce fuel consumption K A Pavan Kumar ; Nikhil S Arora ; M Mahesh Power Electronics and Motion Control Conference (PEMC), 2016 IEEE International 25-28 Sept. 2016, Varna, Bulgaria
650 ## - SUBJECT ADDED ENTRY--TOPICAL TERM
Topical term or geographic name entry element constant,HHO,cell,operations,reduce,fuel,consumption
942 ## - ADDED ENTRY ELEMENTS (KOHA)
Koha item type Institutional repository
Holdings
Date last seen Total checkouts Full call number Accession number Price effective from Category Lost status Damaged status Department Withdrawn status Home library Current library Shelving location Entry date Grants Currency symbol Conversion rate Discount Old discount
26/01/2024   CPEE16-1234 IR1234 26/01/2024 Institutional repository     EE   Central Library Central Library Central Library   EE RS 1    

© For any Suggestions or Query, please contact the library staff @ librarian@pes.edu or Phone: +9180 2672 1983/ 2108.